000 00962nas a22002417i 4500
005 20220630143600.0
008 200712s2020 my ar||| |||| 00| 0 may d
020 _qpaperback
040 _aPPAK
_beng
_cPPAK
_erda
082 0 4 _223
_a658.309595112
090 0 0 _a658.309595112
_bKED
_dKK
110 1 _aKedah.
_bPejabat Setiausaha Kerajaan Negeri Kedah,
_eissuing body.
245 1 0 _aLAPORAN TAHUNAN 2020 :
_bBAHAGIAN PENGURUSAN SUMBER MANUSIA /
_cPEJABAT SETIAUSAHA KERAJAAN NEGERI KEDAH DARUL AMAN
264 1 _aAlor Setar, Kedah :
_bBahagian Pengurusan Sumber Manusia, Pejabat Setiausaha Kerajaan Negeri Kedah,
_c[2020]
300 _a90 pages :
_bcolour photographs, colour charts ;
_c27 cm
336 _2rdacontent
_atext
337 _2rdamedia
_aunmediated
338 _2rdacarrier
_avolume
650 1 0 _aPersonnel management
_zMalaysia
_zKedah
650 2 0 _aEmployees
_zMalaysia
_zKedah
650 2 0 _aGovernment publications
_zMalaysia
942 _2ddc
_cSR
999 _c188071
_d188071